000 00735nam a2200241Ia 4500
003 OSt
005 20221005024718.0
006 a|||||r|||| 00| 0
007 ta
008 221004b |||||||| |||| 00| 0 eng d
024 _a16331
037 _cTextual
040 _aCRL
_cCRL
_beng
041 _2eng
_aeng
082 _ak73,N24, K7.1-.2 (RR)
245 0 _aLincoln Library of essental information
_b Named in honor of Abraham Lincoln, whose inspiring example demonstrated the possibilities of self education
250 _a30th
260 _aBuffalo
_bFrontier Press
_c1967
300 _a2v.
_ccm.
650 _aGENERALIA
942 _hk73,N24, K7.1-.2 (RR)
_cTEXL
_2cc
999 _c933310
_d933310